| 000 -CABECERA |
| Longitud fija campo de control |
00736nam a2200205 a 4500 |
| 001 - NÚMERO DE CONTROL |
| Número de control |
5522 |
| 003 - IDENTIFICADOR DEL NÚMERO DE CONTROL |
| Identificador del número de control |
CDMR |
| 005 - FECHA Y HORA DE LA ÚLTIMA TRANSACCIÓN |
| Fecha y hora de la última transacción |
20211202140234.0 |
| 008 - CÓDIGOS DE INFORMACIÓN DE LONGITUD FIJA |
| Códigos de información de longitud fija |
130130s2001||||||||||||||||||||||||||||d |
| 016 ## - NÚMERO DE CONTROL DE UNA AGENCIA BIBLIOGRÁFICA NACIONAL |
| Fuente |
Biblioteca de Catalunya |
| Número de control del registro |
DL T132-2001 |
| 020 ## - NÚMERO INTERNACIONAL NORMALIZADO PARA LIBROS |
| Número Internacional Normalizado para Libros (ISBN) |
8489890994 |
| 040 ## - FUENTE DE LA CATALOGACIÓN |
| Centro catalogador de origen |
CDMR |
| Lengua de catalogación |
cat |
| Centro transcriptor |
CPC GIRONA |
| 111 ## - PUNTO DE ACCESO PRINCIPAL-NOMBRE DE CONGRESO |
| 9 (RLIN) |
4755 |
| Nombre de congreso o jurisdicción como elemento de entrada |
Associació Catalana de la Premsa Comarcal |
| Número del congreso o número de parte o sección de la obra |
(5è : |
| Fecha del congreso |
2001 : |
| Sede del congreso |
Sant Cugat del Vallès) |
| 245 00 - MENCIÓN DE TÍTULO |
| Título |
Els Reptes de la premsa local i comarcal al segle XXI |
| Resto del título |
: actes del V Congrés de l'Associació Catalana de la Premsa Comarcal |
| 260 ## - PUBLICACIÓN, DISTRIBUCIÓN, ETC. (PIE DE IMPRENTA) |
| Lugar de publicación, distribución, etc. |
Valls: |
| Nombre del editor, distribuidor, etc. |
Cossetània, |
| Fecha de publicación, distribución, etc. |
2001 |
| 300 ## - DESCRIPCIÓN FÍSICA |
| Extensión |
85 pàgines; |
| Dimensiones |
24 cm |
| 490 ## - MENCIÓN DE SERIE |
| Mención de serie |
El tinter; |
| Designación de volumen o secuencia |
19 |
| 650 04 - PUNTO DE ACCESO ADICIONAL DE MATERIA - TÉRMINO DE MATERIA |
| 9 (RLIN) |
1693 |
| Término de materia o nombre geográfico como elemento inicial |
Premsa comarcal |
| Subdivisión geográfica |
Catalunya |
| Subdivisión de materia general |
Congressos |
| 942 ## - ENTRADA DE ELEMENTOS AGREGADOS (KOHA) |
| Koha [por defecto] tipo de item |
Monografies |
| Fuente de clasificaión o esquema |
|